000 00825nas a2200265 4500
001 BR2016004769
003 BR-BrBNA
005 20231205130757.0
007 ta
008 230509b bl.|||p| |||| 00| 00por d
040 _aBR-BrBNA
_bpor
_cBiblioteca Nacional de Agricultura
041 _a(En)
072 _aL40
100 1 _aMiyoshi, A.R.
100 1 _aGabriel, V.A.
100 1 _aFantazzini, E.R.
100 1 _aFontanetti, C.S.
245 1 _aMicrospines in the pylorus of Pseudonannolene tricolor and Rhinocricus padbergi (Arthropoda, Diplopoda)
650 _aRÉPTIL
650 _aMORFOLOGIA ANIMAL
650 _aINTESTINO
773 0 _tIheringia. Série Zoologia (Brazil)
_xISSN 0073-4721
_g(Jun 2005), v. 95(2) p. 183-187
_wBR2016004769
909 _a202311
_bLúcia
_c55
_dLúcia Elande
942 _2AGRIS
_n0
_cANA
999 _c251173
_d251173